Quizzes
Events
Quiz Creation
Community
Videos
Private Events
Remove Ads
Sign In
Join for FREE
Feedback
Dark Mode
Quiz Categories
Sports
Geography
Music
Movies
Television
Just For Fun
Miscellaneous
History
Literature
Language
Science
Gaming
Entertainment
Religion
Holiday
For Kids
Quiz Lab
Recent
Popular Today
Quiz Kudos Today
Editor Picks
Curator Picks
Quizzes by...
Day
Popularity
Type
Ratings
Length
Year
Community
Subscriptions
Recent Discussions
Orange Saloon
Badges
Playlists
Quests
Create
Leaderboards
Showdown
Live 5
Trivia Bingo
Activity
Puzzle Library
Sporcle Events
Private Events
Virtual Trivia
Globe League
Become a Host
Pub Owners
SporcleCon
Opinionation
Our Games
Videos
Blog
Mobile Apps
Partnerships
Remove Ads and Go Orange
Feedback
Gaming
Video Games
Board Games
Card Games
Pokémon
Mario
Nintendo
Minecraft
Console
Toys
Legend of Zelda
Gaming
Video Games
Board Games
Card Games
Pokémon
Mario
Nintendo
Minecraft
Console
Toys
Legend of Zelda
Random Quiz
Search Sporcle
×
Quiz Lab
Quiz Lab
Gaming
touhou
Select answers by clicking on text or image buttons
Select answers by clicking on text or image buttons
Clickable
Best Score? Go Orange.
Name the Touhou Characters Stats
Can you pick the Touhou character that has the corresponding description or meme?
By
Darkeyedp7
20m
74 Questions
1,606 Plays
1,606 Plays
1,606 Plays
Comments
Comments
Give Quiz Kudos
Give Quiz Kudos
-
- Ratings
hide this ad
More Info
Forced Order
Answers have to be entered in order
Answers have to be entered in order
Random Order
Randomize order of answers
Randomize order of answers
Replay
Link that replays current quiz
Next Quiz
Link to next quiz in quiz playlist
You Got
0%
They Got
Avg Score
50%
Avg Friend Score
Upgrade to see
Score Distribution
Jump to the score distribution portion of the page
Score
0/74
Timer
20:00
0
Plays Today
% Correct
???
74.3%
???
74.2%
???
74.1%
???
73.1%
???
73%
???
72.7%
???
72%
???
72%
???
70.9%
???
69.2%
???
69.2%
???
68.7%
???
68.7%
???
68.6%
???
68.2%
???
68.1%
???
67.8%
???
67.3%
???
66.7%
???
64.8%
???
62.9%
???
62.8%
???
62.6%
???
62.1%
???
61.7%
???
61.6%
???
61.3%
???
60.1%
???
59.9%
???
59.7%
???
58.6%
???
57.8%
???
57.7%
???
57%
???
56.5%
???
53.2%
???
52.8%
% Correct
???
51.3%
???
51.2%
???
50.4%
???
49.8%
???
48.9%
???
47.8%
???
47.2%
???
46.5%
???
44.4%
???
44.3%
???
43.3%
???
42.7%
???
42%
???
41.7%
???
41.5%
???
39.9%
???
39.3%
???
36.6%
???
35.9%
???
33.6%
???
33.4%
???
32.6%
???
32.3%
???
32.2%
???
31.9%
???
30.8%
???
30.4%
???
28.9%
???
27%
???
23.8%
???
23.3%
???
23.1%
???
20.3%
???
19.9%
???
17.3%
???
16.4%
???
13.8%
Quiz Playlist
Details
Report
Send in Message
Add To Playlist
More Info:
There is no PC98 characters in this test besides those re-introduced in post-PC98 games
Clickable:
Select answers by clicking on text or image buttons
Forced Order:
Answers have to be entered in order
Random Order:
Randomize order of answers
Quiz Source
Last Updated: Feb 16, 2017
Quiz Scoreboard
CHALLENGE
Sign Up to Join the Scoreboard
Show All
Scores
Hide
Comments
May contain spoilers
Recently Published
College Basketball Coaching Resumes
by pancakes188
Sports
9m
Billboard Blitz: Fleetwood Mac
by CooCooCachoo
Music
15s
Presidents Visiting Landmarks
by Hejman
History
7m
More to Explore
Quiz From the Vault
Featured Blog Post
Where Did the Easter Bunny Come From?
hide this ad
You Might Also Like...
Tags
Cast Members
touhou
Touhou Project
Touhou Stage
Today's Top Quizzes in Gaming
Browse Gaming
hide this ad
Top Contributed Quizzes in Gaming
1
5-to-1: Consoles
2
7-to-1: Board Game Piece Blitz
3
5-to-1: Legend of Zelda
4
Destiny 2 exotic weapons by perk icons
5
League of Legends Pro Players by Career/Team History
6
Ultimate Genshin Impact Logic Puzzle (up to 4.3)
7
Franchise by Action Figure
8
Who's on the WWE 2K24 Cover?
9
Genshin Impact Logic Puzzle Quiz
10
Overwatch Logic Puzzle
Explore More
Trending Topics
Crossword
Harry Potter
NBA
Anime
Kpop
Disney
Marvel
Puzzle
NFL
The Office
Soccer
WWE
Pokémon
Country
Song
hide this ad
More By:
Darkeyedp7
Quiz
Plays
Rating
Category
Featured
Created
Touhou memes
2,433
2.00
Gaming
Feb 28, 2012
Name the Touhou Characters
1,606
2.00
Gaming
Jul 11, 2012
Names of Touhou Characters 6 - 13
512
4.00
Gaming
Feb 26, 2012
Go to Creator's Profile
Score Distribution
Quiz Creator Spotlight
Darkeyedp7
Follow
Send a Message
Quizzes Created
-
Created Quiz Play Count
-
More By This Creator
Popular Quizzes Today
1
Find the US States - No Outlines Minefield
2
Find the Countries of Europe - No Outlines Minefield
3
The Countries of the World
4
Find the US States
5
Risky Map Clicking: Biggest States A-Z
6
US States
7
Popular People in 1961
8
Movies - When Are They Set?
More Gaming Quizzes
9x9 Mosaic Logic Puzzle XI
Quiz Lab
Trending Quizzes
Risky Map Clicking: Least Populous States A-Z
1-10 Letter G Words
1-10 Letter F Words
Risky Map Clicking: Next State Alphabetically
Risky Map Clicking: Biggest States A-Z
Recently Updated
Leaping Animals
pecheneg
Reality TV Shows (A-Z)
bhenderson79
Rickey Henderson's Hall of Fame Teammates
pecheneg
Champions League XIs: Arsenal
pecheneg
Quick Pick: Celebrities in WWE's Hall of Fame
aduchscher
A-Z Keypad Blitz II
pecheneg
Multiple Oscar Actors
pecheneg
Mystery Phrase Blitz: Oscar 'Best Actors'
pecheneg
F. Scott Fitzgerald Novels
LTH
Pick 3 Villains
ddd62291
Trending Topics
Marvel
Crossword
Disney
Kpop
Anime
Harry Potter
NBA
Soccer
Pokémon
WWE
Country
Song
The Office
NFL
Puzzle
Your Account Isn't Verified!
In order to create a playlist on Sporcle, you need to verify the email address you used during registration. Go to your
Sporcle Settings
to finish the process.
Report this User
Report this user for behavior that violates our
Community Guidelines
.
Details:
Send Report
Go to the Sporcle.com Mobile Site →
Comments